[Event "Budapest FS08 Elo"]
[Site "Budapest"]
[Date "1999.??.??"]
[Round "8"]
[White "Levi, Nisan"]
[Black "Jansen, Frank"]
[Result "1-0"]
[WhiteElo "2090"]
[BlackElo "2100"]
[PlyCount "63"]
[EventDate "1999.??.??"]
[EventType "tourn"]
[EventRounds "9"]
[EventCountry "HUN"]
[SourceTitle "EXT 2000"]
[Source "ChessBase"]
[SourceDate "1999.11.16"]
[SourceVersion "1"]
[SourceVersionDate "1999.11.16"]
[SourceQuality "1"]

1. e4 c5 2. Nf3 e6 3. d4 cxd4 4. Nxd4 a6 5. Nc3 Qc7 6. Be3 Nc6 7. Qd2 Nge7 8. 0-0-0 Nxd4 9. Bxd4 Nc6 10. Be3 Be7 11. f4 b5 12. Kb1 Bb7 13. Qf2 Nb8 14. Bd3 d6 15. f5 0-0 16. Rhg1 Nd7 17. g4 b4 18. Ne2 Ne5 19. Nf4 d5 20. exd5 Bxd5 21. Nxd5 exd5 22. g5 f6 23. h4 Nc4 24. Bd4 Rac8 25. Qg2 Qb7 26. gxf6 Bxf6 27. Bxf6 Rxf6 28. Bxc4 Rxc4 29. Rxd5 Qe7 30. Rd8+ Rf8 31. Qd5+ Qf7 32. Rd7 1-0

[Event "Budapest FS08 Elo"]
[Site "Budapest"]
[Date "1999.??.??"]
[Round "6"]
[White "Levi, Nisan"]
[Black "Lakat, Gyula"]
[Result "1-0"]
[WhiteElo "2090"]
[BlackElo "2055"]
[PlyCount "87"]
[EventDate "1999.??.??"]
[EventType "tourn"]
[EventRounds "9"]
[EventCountry "HUN"]
[SourceTitle "EXT 2000"]
[Source "ChessBase"]
[SourceDate "1999.11.16"]
[SourceVersion "1"]
[SourceVersionDate "1999.11.16"]
[SourceQuality "1"]

1. e4 c5 2. Nf3 d6 3. d4 cxd4 4. Nxd4 Nf6 5. Nc3 a6 6. f3 g6 7. Be3 Bg7 8. Qd2 b5 9. 0-0-0 0-0 10. g4 b4 11. Nce2 Qa5 12. Kb1 Nfd7 13. Bh6 Ne5 14. Bxg7 Kxg7 15. h4 Nc4 16. Qc1 h6 17. Ng3 Qc5 18. Bxc4 Qxc4 19. h5 g5 20. Ngf5+ Bxf5 21. Nxf5+ Kh7 22. Nxe7 Qe6 23. Nf5 Rd8 24. Rd5 Ra7 25. Rhd1 Rad7 26. Qd2 Nc6 27. Nd4 Nxd4 28. Qxd4 b3 29. cxb3 Kg8 30. Qd3 Qf6 31. e5 Qf4 32. exd6 Re8 33. Qf5 Qxf5+ 34. Rxf5 Re6 35. Rfd5 Kf8 36. b4 Ke8 37. b5 axb5 38. Rxb5 Rexd6 39. Rxd6 Rxd6 40. a3 Ke7 41. Kc2 Ke6 42. a4 Ra6 43. a5 Rc6+ 44. Kd3 1-0

[Event "Budapest FS08 Elo"]
[Site "Budapest"]
[Date "1999.??.??"]
[Round "1"]
[White "Levi, Nisan"]
[Black "Sardo, Gabriele"]
[Result "0-1"]
[WhiteElo "2090"]
[BlackElo "2140"]
[PlyCount "92"]
[EventDate "1999.??.??"]
[EventType "tourn"]
[EventRounds "9"]
[EventCountry "HUN"]
[SourceTitle "EXT 2000"]
[Source "ChessBase"]
[SourceDate "1999.11.16"]
[SourceVersion "1"]
[SourceVersionDate "1999.11.16"]
[SourceQuality "1"]

1. e4 c5 2. Nf3 e6 3. d4 cxd4 4. Nxd4 Nf6 5. Bd3 Nc6 6. Be3 Bc5 7. Nxc6 Qb6 8. Bxc5 Qxc5 9. Nxa7 Rxa7 10. Nd2 Qb4 11. Qc1 d6 12. 0-0 e5 13. a3 Qc5 14. Nb3 Qb6 15. h3 Be6 16. Nd2 Ra8 17. c3 Nh5 18. Re1 Nf4 19. Re3 g5 20. Bf1 h5 21. Nc4 Qc6 22. b3 h4 23. f3 Qc5 24. b4 Qc6 25. Nb2 0-0 26. c4 f5 27. exf5 Bxf5 28. Bd3 Rae8 29. Kh2 e4 30. b5 Qc5 31. fxe4 Qe5 32. Kh1 Qd4 33. c5 Bxe4 34. Bxe4 Rxe4 35. Rxe4 Qxe4 36. Qc4+ Qxc4 37. Nxc4 dxc5 38. Nd6 Ne2 39. Nxb7 c4 40. Re1 Ng3+ 41. Kg1 c3 42. Nc5 Rf5 43. Ne4 c2 44. Nxg3 hxg3 45. Re8+ Kf7 46. Rc8 Rxb5 0-1